[Event "Madrid ch Veteranos 2122"]
[Site "Madrid ESP"]
[Date "2022.04.04"]
[Round "6.23"]
[White "Lopez Heras, Arturo"]
[Black "Perez Pascual, Arturo"]
[Result "1/2-1/2"]
[WhiteElo "1757"]
[BlackElo "1704"]
[PlyCount "148"]
[EventDate "2022.03.28"]
[EventType "swiss"]
[EventRounds "9"]
[EventCountry "ESP"]
[SourceTitle "Ajedrez en Madrid"]
[Source "lmi"]
[SourceDate "2022.03.28"]
[SourceVersion "1"]
[SourceVersionDate "2022.04.18"]
[SourceQuality "1"]

1. e4 e5 2. Nf3 Nf6 3. Nxe5 Qe7 4. Nf3 Qxe4+ 5. Qe2 Be7 6. Qxe4 Nxe4 7. Bc4 c6
8. d3 Nf6 9. O-O d5 10. Bb3 O-O 11. Bg5 h6 12. Bh4 Be6 13. Nd4 Bd7 14. Nd2 c5
15. N4f3 Nc6 16. c3 Be6 17. Rfe1 Rfe8 18. d4 c4 19. Bc2 b5 20. a3 a5 21. Ne5
Nxe5 22. dxe5 Nd7 23. Bxe7 Rxe7 24. Nf3 Nc5 25. Nd4 Bd7 26. Rad1 Rae8 27. f4 g6
28. g3 Ne6 29. Nf3 Nc7 30. Re3 Kg7 31. Ree1 Ne6 32. Kf2 Rb8 33. h4 b4 34. axb4
axb4 35. Ra1 bxc3 36. bxc3 Rb2 37. Re2 Bb5 38. h5 Rd7 39. hxg6 fxg6 40. Nh4 Nf8
41. e6 Nxe6 42. Bxg6 Rxe2+ 43. Kxe2 d4 44. Bf5 Re7 45. Kd2 d3 46. Rb1 Nc7 47.
Bg4 Kf6 48. Nf5 Rh7 49. Nd6 Bd7 50. Bxd7 Rxd7 51. Nxc4 Rg7 52. Rg1 Ne6 53. Ne5
Nxf4 54. Nxd3 Ne6 55. Ke3 Ng5 56. Rf1+ Ke6 57. Nf4+ Ke5 58. Rd1 Kf6 59. Rd6+
Ke7 60. Rxh6 Kd7 61. Kd4 Nf3+ 62. Kd5 Rg5+ 63. Ke4 Rxg3 64. c4 Nd2+ 65. Kd4
Nb3+ 66. Kd5 Rg5+ 67. Ke4 Nd2+ 68. Kd4 Nxc4 69. Kxc4 Rg4 70. Rf6 Ke7 71. Re6+
Kd7 72. Re4 Kd6 73. Kd4 Rh4 74. Ke3 Rh1 1/2-1/2

[Event "Madrid ch Veteranos 2122"]
[Site "Madrid ESP"]
[Date "2022.04.04"]
[Round "6.25"]
[White "Argelina Diaz, Juan Angel"]
[Black "Villodre Miranda, Juan Alonso"]
[Result "1/2-1/2"]
[WhiteElo "1455"]
[BlackElo "1563"]
[PlyCount "99"]
[EventDate "2022.03.28"]
[EventType "swiss"]
[EventRounds "9"]
[EventCountry "ESP"]
[SourceTitle "Ajedrez en Madrid"]
[Source "lmi"]
[SourceDate "2022.03.28"]
[SourceVersion "1"]
[SourceVersionDate "2022.04.18"]
[SourceQuality "1"]

1. e4 e5 2. Qf3 c5 3. Bc4 Nf6 4. Nc3 d6 5. d3 Nc6 6. Nge2 h6 7. a3 Bg4 8. Qg3
Qd7 9. h3 Bh5 10. f4 Bxe2 11. Nxe2 g6 12. O-O Bg7 13. Qf3 Nd4 14. Nxd4 cxd4 15.
b4 b5 16. Bb3 O-O 17. Qg3 Kh7 18. f5 Nh5 19. Qg4 Nf6 20. fxg6+ fxg6 21. Qxd7
Nxd7 22. Bd2 Rxf1+ 23. Rxf1 Rf8 24. Rxf8 Nxf8 25. c4 dxc3 26. Bxc3 Nd7 27. a4
bxa4 28. Bxa4 Nb6 29. Bb5 g5 30. g4 Kg6 31. Kg2 Kf7 32. Kg3 Ke6 33. Bc4+ d5 34.
exd5+ Nxd5 35. Bxd5+ Kxd5 36. h4 Bf6 37. h5 a6 38. Kf3 Be7 39. Ke3 Bd6 40. Kf3
Bc7 41. Ke3 Bb6+ 42. Kf3 Bd4 43. Bd2 Bb2 44. Ke3 Bd4+ 45. Kf3 Bb2 46. Ke3 Bd4+
47. Kf3 Bb6 48. Bc3 Bd8 49. Ke3 Bb6+ 50. Kf3 1/2-1/2

[Event "Madrid ch Veteranos 2122"]
[Site "Madrid ESP"]
[Date "2022.04.04"]
[Round "6.26"]
[White "Lopez Del Moral Lopez de, Rafael"]
[Black "Marin Lopez, Jeronimo"]
[Result "0-1"]
[WhiteElo "1432"]
[BlackElo "1901"]
[PlyCount "80"]
[EventDate "2022.03.28"]
[EventType "swiss"]
[EventRounds "9"]
[EventCountry "ESP"]
[SourceTitle "Ajedrez en Madrid"]
[Source "lmi"]
[SourceDate "2022.03.28"]
[SourceVersion "1"]
[SourceVersionDate "2022.04.18"]
[SourceQuality "1"]

1. d4 d6 2. Nf3 g6 3. e4 Bg7 4. Bd3 Nf6 5. O-O O-O 6. c3 Nbd7 7. Re1 e5 8. dxe5
dxe5 9. Bc2 c6 10. Nbd2 Qc7 11. Nf1 Nc5 12. Ng3 Rd8 13. Qe2 b6 14. b4 Ba6 15.
c4 Ne6 16. Bb2 Nd7 17. Bb3 c5 18. a3 Ndf8 19. Rad1 Nf4 20. Qc2 cxb4 21. axb4
N8e6 22. b5 Bb7 23. Rxd8+ Rxd8 24. Rd1 Nd4 25. Nxd4 exd4 26. Qb1 h5 27. Kf1 h4
28. Ne2 Nxe2 29. Kxe2 Qxh2 30. Rg1 d3+ 31. Kf1 Bxe4 32. Bxg7 d2 33. Qxe4 d1=Q+
34. Bxd1 Rxd1+ 35. Ke2 Qxg1 36. Qe8+ Kxg7 37. Qe5+ Kh7 38. Qf4 Qf1+ 39. Kf3
Rd3+ 40. Kg4 Qxg2+ 0-1

[Event "Madrid ch Veteranos 2122"]
[Site "Madrid ESP"]
[Date "2022.04.04"]
[Round "6.27"]
[White "Martinez Miura, Enrique"]
[Black "Medina Lucena, Emilio"]
[Result "0-1"]
[WhiteElo "1601"]
[BlackElo "1303"]
[PlyCount "90"]
[EventDate "2022.03.28"]
[EventType "swiss"]
[EventRounds "9"]
[EventCountry "ESP"]
[SourceTitle "Ajedrez en Madrid"]
[Source "lmi"]
[SourceDate "2022.03.28"]
[SourceVersion "1"]
[SourceVersionDate "2022.04.18"]
[SourceQuality "1"]

1. e4 c5 2. Nf3 d6 3. d4 cxd4 4. Nxd4 Nf6 5. Nc3 a6 6. Be2 e5 7. Nf3 Be7 8. O-O
Nbd7 9. Re1 b5 10. a3 Bb7 11. Nd2 Nc5 12. f3 Rc8 13. Nf1 h6 14. Be3 d5 15. exd5
Nxd5 16. Nxd5 Qxd5 17. Qxd5 Bxd5 18. Rad1 Be6 19. Bf2 Na4 20. b3 Nc3 21. Ra1
Bf5 22. Ne3 Be6 23. Bd3 O-O 24. Nd1 f6 25. Nxc3 Rxc3 26. Red1 Rd8 27. Be1 Rcc8
28. a4 b4 29. Rd2 a5 30. Rad1 Bc5+ 31. Kh1 Bd4 32. Bf2 Bxf2 33. Rxf2 Kf8 34.
Rfd2 Rc5 35. Be4 Rxd2 36. Rxd2 f5 37. Bd3 Bxb3 38. Kg1 Bxa4 39. Bxf5 Rxc2 40.
Bxc2 Bxc2 41. Rxc2 b3 42. Rc3 a4 43. Kf2 b2 44. Rc8+ Ke7 45. Rb8 a3 0-1

[Event "Madrid ch Veteranos 2122"]
[Site "Madrid ESP"]
[Date "2022.04.04"]
[Round "6.30"]
[White "Martin Garcia, Francisco Javier"]
[Black "Fernandez Rodriguez, Juan Andres"]
[Result "1-0"]
[WhiteElo "1412"]
[BlackElo "1128"]
[PlyCount "59"]
[EventDate "2022.03.28"]
[EventType "swiss"]
[EventRounds "9"]
[EventCountry "ESP"]
[SourceTitle "Ajedrez en Madrid"]
[Source "lmi"]
[SourceDate "2022.03.28"]
[SourceVersion "1"]
[SourceVersionDate "2022.04.18"]
[SourceQuality "1"]

1. d4 g6 2. Nf3 Bg7 3. c4 d6 4. Nc3 Nf6 5. g3 O-O 6. Bg2 a6 7. O-O b5 8. cxb5
axb5 9. Nxb5 Ba6 10. Nc3 e5 11. dxe5 dxe5 12. Qxd8 Rxd8 13. Nxe5 Re8 14. Nc6
Re6 15. Nd8 Bxe2 16. Nxe6 Bxf1 17. Bxa8 fxe6 18. Kxf1 Nbd7 19. a4 Nc5 20. Be3
Nd3 21. Nd1 Ng4 22. h3 Nxe3+ 23. fxe3 Bxb2 24. Nxb2 Nxb2 25. a5 Nc4 26. a6 Nb6
27. Bf3 c5 28. a7 c4 29. Rc1 Kf7 30. Rxc4 1-0

[Event "Madrid ch Veteranos 2122"]
[Site "Madrid ESP"]
[Date "2022.04.05"]
[Round "7.1"]
[White "Herrero Reques, Sergio"]
[Black "Longa Yauca, Javier"]
[Result "1/2-1/2"]
[WhiteElo "2029"]
[BlackElo "2239"]
[PlyCount "100"]
[EventDate "2022.03.28"]
[EventType "swiss"]
[EventRounds "9"]
[EventCountry "ESP"]
[SourceTitle "Ajedrez en Madrid"]
[Source "lmi"]
[SourceDate "2022.03.28"]
[SourceVersion "1"]
[SourceVersionDate "2022.04.18"]
[SourceQuality "1"]

1. d4 Nf6 2. c4 e6 3. Nf3 b6 4. g3 Ba6 5. b3 Bb4+ 6. Bd2 Be7 7. Bg2 d5 8. Ne5
O-O 9. Nc3 c6 10. cxd5 exd5 11. O-O Nfd7 12. Bf4 Nxe5 13. Bxe5 Nd7 14. Bf4 Re8
15. a3 Bf6 16. Re1 Nf8 17. Rc1 Ng6 18. Be3 Qd6 19. Qd2 Rad8 20. b4 Bb7 21. Bg5
Bxg5 22. Qxg5 h6 23. Qd2 f5 24. h4 Ne7 25. Bf3 Qf6 26. h5 b5 27. e3 Nc8 28. Ne2
Nd6 29. Nf4 Nc4 30. Qc3 Ra8 31. Ra1 a5 32. Nd3 a4 33. Nc5 Bc8 34. Kg2 Ra7 35.
Rh1 Qg5 36. Rhe1 Rae7 37. Nd3 Be6 38. Nf4 Bf7 39. Bd1 Rf8 40. Bf3 Be8 41. Bd1
Nd6 42. Bf3 Ne4 43. Bxe4 fxe4 44. Qc1 Ref7 45. Rh1 Qe7 46. Qc5 Qd8 47. Rh4 Rf6
48. Re1 Qd7 49. Reh1 Qd8 50. Ra1 Qd7 1/2-1/2

[Event "Madrid ch Veteranos 2122"]
[Site "Madrid ESP"]
[Date "2022.04.05"]
[Round "7.2"]
[White "Candela Perez, Jose"]
[Black "Pastor Alonso De Prado, Alberto"]
[Result "1-0"]
[WhiteElo "2339"]
[BlackElo "2106"]
[PlyCount "71"]
[EventDate "2022.03.28"]
[EventType "swiss"]
[EventRounds "9"]
[EventCountry "ESP"]
[SourceTitle "Ajedrez en Madrid"]
[Source "lmi"]
[SourceDate "2022.03.28"]
[SourceVersion "1"]
[SourceVersionDate "2022.04.18"]
[SourceQuality "1"]

1. e4 d6 2. d4 Nf6 3. Nc3 e5 4. Nge2 c6 5. h3 Nbd7 6. g4 d5 7. exd5 Nxd5 8.
Nxd5 cxd5 9. dxe5 Nxe5 10. Bg2 Be6 11. O-O Bd6 12. Nf4 Qh4 13. Qe2 h5 14. g5
O-O-O 15. Nxe6 fxe6 16. f4 Bc5+ 17. Be3 Bxe3+ 18. Qxe3 Nc6 19. Qxe6+ Kb8 20.
Qe1 Qxe1 21. Raxe1 Rhf8 22. c3 Rf5 23. Re6 h4 24. b4 a6 25. a4 Rd7 26. b5 axb5
27. axb5 Re7 28. Rd6 Kc7 29. Rxd5 Rxd5 30. Bxd5 Kd6 31. bxc6 Kxd5 32. cxb7 Rxb7
33. f5 Rf7 34. f6 gxf6 35. gxf6 Ke6 36. Kg2 1-0

[Event "Madrid ch Veteranos 2122"]
[Site "Madrid ESP"]
[Date "2022.04.05"]
[Round "7.3"]
[White "Luque Ibanes, Manuel"]
[Black "Barez Menendez, Hector"]
[Result "0-1"]
[WhiteElo "1966"]
[BlackElo "2062"]
[PlyCount "115"]
[EventDate "2022.03.28"]
[EventType "swiss"]
[EventRounds "9"]
[EventCountry "ESP"]
[SourceTitle "Ajedrez en Madrid"]
[Source "lmi"]
[SourceDate "2022.03.28"]
[SourceVersion "1"]
[SourceVersionDate "2022.04.18"]
[SourceQuality "1"]

1. Nf3 d5 2. d4 e6 3. Bf4 Nf6 4. e3 c5 5. c3 Nc6 6. Nbd2 Bd6 7. Bg3 O-O 8. Bd3
b6 9. Ne5 Bb7 10. f4 Ne7 11. O-O Ne4 12. Be1 f6 13. Nef3 Nf5 14. Qe2 Be7 15.
Bc2 a5 16. Rd1 Ba6 17. Bd3 Bxd3 18. Qxd3 Nfd6 19. c4 Nxd2 20. Nxd2 cxd4 21.
cxd5 Nf5 22. exd4 Qxd5 23. Bf2 Rfd8 24. Nc4 Bc5 25. Ne3 Qxd4 26. Qxd4 Nxd4 27.
g3 Rd7 28. Nc2 Rad8 29. Bxd4 Bxd4+ 30. Rxd4 Rxd4 31. Nxd4 Rxd4 32. Rf2 Kf7 33.
Rc2 Ke7 34. Kf2 Kd7 35. Ke3 Rd1 36. Ke2 Rd5 37. Ke3 b5 38. b3 h5 39. h4 g6 40.
Ke4 b4 41. Ke3 e5 42. fxe5 Rxe5+ 43. Kf4 Kd6 44. Kf3 Rc5 45. Re2 Rf5+ 46. Kg2
Kd5 47. Re8 Kd4 48. Rg8 Kc3 49. Rd8 Kb2 50. Rd2+ Kb1 51. g4 hxg4 52. Kg3 Rc5
53. Kxg4 Rc2 54. Rd6 Kxa2 55. Rxf6 Kxb3 56. Rxg6 Rg2+ 57. Kf5 Rxg6 58. Kxg6 0-1

[Event "Madrid ch Veteranos 2122"]
[Site "Madrid ESP"]
[Date "2022.04.05"]
[Round "7.4"]
[White "Martin Martin, Luis Vicente"]
[Black "Moreno Torrero, Javier"]
[Result "1/2-1/2"]
[WhiteElo "1927"]
[BlackElo "1952"]
[PlyCount "84"]
[EventDate "2022.03.28"]
[EventType "swiss"]
[EventRounds "9"]
[EventCountry "ESP"]
[SourceTitle "Ajedrez en Madrid"]
[Source "lmi"]
[SourceDate "2022.03.28"]
[SourceVersion "1"]
[SourceVersionDate "2022.04.18"]
[SourceQuality "1"]

1. d4 Nf6 2. Bf4 g6 3. Nf3 Bg7 4. e3 d6 5. h3 O-O 6. Be2 Nbd7 7. O-O c5 8. c3
b6 9. Nbd2 Bb7 10. a4 a6 11. Bh2 Rc8 12. Qb1 Qc7 13. Re1 e5 14. dxe5 dxe5 15.
Nc4 Ne4 16. Rd1 Rcd8 17. Nfd2 Nxd2 18. Rxd2 Nb8 19. Qc2 Rxd2 20. Nxd2 Rd8 21.
Rd1 Bc6 22. Nc4 Rxd1+ 23. Qxd1 b5 24. axb5 axb5 25. Qd6 Qxd6 26. Nxd6 c4 27.
Bf3 Bxf3 28. gxf3 f6 29. Nxb5 Bf8 30. f4 Nd7 31. fxe5 fxe5 32. e4 Kf7 33. f3
Kf6 34. Kf1 Nb6 35. f4 exf4 36. Bxf4 Na4 37. Nd4 Nxb2 38. e5+ Ke7 39. Ke2 Nd3
40. Ke3 Nxf4 41. Kxf4 Bh6+ 42. Ke4 Bd2 1/2-1/2

[Event "Madrid ch Veteranos 2122"]
[Site "Madrid ESP"]
[Date "2022.04.05"]
[Round "7.5"]
[White "De Paz Nistal, Santiago"]
[Black "Martin Rodriguez, Emilio"]
[Result "1/2-1/2"]
[WhiteElo "1873"]
[BlackElo "2032"]
[PlyCount "104"]
[EventDate "2022.03.28"]
[EventType "swiss"]
[EventRounds "9"]
[EventCountry "ESP"]
[SourceTitle "Ajedrez en Madrid"]
[Source "lmi"]
[SourceDate "2022.03.28"]
[SourceVersion "1"]
[SourceVersionDate "2022.04.18"]
[SourceQuality "1"]

1. e4 c6 2. d4 d5 3. Nd2 dxe4 4. Nxe4 Nd7 5. Bd3 Ngf6 6. Nf3 Nxe4 7. Bxe4 Nf6
8. Bd3 Bg4 9. c3 e6 10. O-O Be7 11. Re1 O-O 12. Be2 Qc7 13. Ne5 Bxe2 14. Qxe2
Bd6 15. Bf4 Rfe8 16. Bg3 b5 17. Qf3 Rac8 18. Re2 c5 19. dxc5 Qxc5 20. Rae1 Qd5
21. Qxd5 Nxd5 22. Nd3 Bxg3 23. hxg3 Red8 24. Ne5 Nb6 25. f4 Kf8 26. Kf2 Rd6 27.
g4 Rcd8 28. g5 a6 29. g3 Na4 30. Nf3 Nc5 31. Rh1 Kg8 32. a3 g6 33. Nd4 Na4 34.
Kf3 Nb6 35. Reh2 Kf8 36. Rxh7 Nc4 37. Rh8+ Ke7 38. Rxd8 Kxd8 39. Rh2 e5 40. Nb3
Ke7 41. Re2 Rd3+ 42. Kf2 Kd6 43. fxe5+ Nxe5 44. Nd4 Ng4+ 45. Kg2 Ne3+ 46. Kf2
Nc4 47. Nf3 Rd1 48. Rc2 Rb1 49. Nd2 Nxd2 50. Rxd2+ Ke5 51. Kf3 Rf1+ 52. Ke3 Ke6
1/2-1/2

[Event "Madrid ch Veteranos 2122"]
[Site "Madrid ESP"]
[Date "2022.04.05"]
[Round "7.6"]
[White "Villares Galiano, Luis"]
[Black "Lorenzo Bailador, Alfredo"]
[Result "1/2-1/2"]
[WhiteElo "1936"]
[BlackElo "1985"]
[PlyCount "34"]
[EventDate "2022.03.28"]
[EventType "swiss"]
[EventRounds "9"]
[EventCountry "ESP"]
[SourceTitle "Ajedrez en Madrid"]
[Source "lmi"]
[SourceDate "2022.03.28"]
[SourceVersion "1"]
[SourceVersionDate "2022.04.18"]
[SourceQuality "1"]

1. e4 e5 2. Nf3 d6 3. d4 exd4 4. Nxd4 Nf6 5. Nc3 Be7 6. Bc4 O-O 7. O-O Nxe4 8.
Nxe4 d5 9. Bd3 dxe4 10. Bxe4 Nd7 11. Be3 Nf6 12. Bf3 c6 13. Nb3 Qc7 14. Qe2 Re8
15. Rfd1 Be6 16. Nd4 Bd5 17. c4 Be4 1/2-1/2

[Event "Madrid ch Veteranos 2122"]
[Site "Madrid ESP"]
[Date "2022.04.05"]
[Round "7.7"]
[White "Cabanas Bravo, Juan Andres"]
[Black "Rojas Pozo, Jose Luis"]
[Result "0-1"]
[WhiteElo "1903"]
[BlackElo "1856"]
[PlyCount "98"]
[EventDate "2022.03.28"]
[EventType "swiss"]
[EventRounds "9"]
[EventCountry "ESP"]
[SourceTitle "Ajedrez en Madrid"]
[Source "lmi"]
[SourceDate "2022.03.28"]
[SourceVersion "1"]
[SourceVersionDate "2022.04.18"]
[SourceQuality "1"]

1. e4 c6 2. d4 d5 3. Nc3 dxe4 4. Nxe4 Nf6 5. Nxf6+ gxf6 6. Bc4 Bf5 7. Bf4 e6 8.
Qd2 Nd7 9. Nf3 Nb6 10. Bb3 Nd5 11. Bg3 Bd6 12. O-O Qc7 13. Nh4 Bg6 14. f4 f5
15. c4 Nf6 16. c5 Be7 17. Rfe1 O-O-O 18. Qe3 Ne4 19. Kh1 Bh5 20. Nf3 Bxf3 21.
gxf3 Nxg3+ 22. hxg3 Kb8 23. Rad1 Bf6 24. Rd2 h5 25. Red1 Rdg8 26. Rg2 Rg7 27.
Rdd2 Qd8 28. Bd1 Qg8 29. Qf2 Rh6 30. Kh2 Rhg6 31. Qg1 Qh8 32. Be2 Rg8 33. Qd1
Rd8 34. Kh3 Rgg8 35. Bc4 Bxd4 36. b4 Bc3 37. Rxd8+ Rxd8 38. Qb3 h4 39. g4 fxg4+
40. Rxg4 Qd4 41. Bf1 Be1 42. a3 f5 43. Rg6 Qxf4 44. Bg2 Bf2 45. Bf1 Bd4 46. b5
Be5 47. Rg2 cxb5 48. Bxb5 Rd2 49. Bc6 Qh2+ 0-1

[Event "Madrid ch Veteranos 2122"]
[Site "Madrid ESP"]
[Date "2022.04.05"]
[Round "7.8"]
[White "Lopez Molina, Santiago Jorge"]
[Black "Lopez de Turiso, Jose Angel"]
[Result "0-1"]
[WhiteElo "1868"]
[BlackElo "1935"]
[PlyCount "92"]
[EventDate "2022.03.28"]
[EventType "swiss"]
[EventRounds "9"]
[EventCountry "ESP"]
[SourceTitle "Ajedrez en Madrid"]
[Source "lmi"]
[SourceDate "2022.03.28"]
[SourceVersion "1"]
[SourceVersionDate "2022.04.18"]
[SourceQuality "1"]

1. e4 c5 2. Nf3 d6 3. d4 cxd4 4. c3 d3 5. Bxd3 Nc6 6. h3 g6 7. O-O Bg7 8. Qe2
Nf6 9. Rd1 Qc7 10. a4 O-O 11. Na3 Nd7 12. Be3 Nde5 13. Nxe5 Nxe5 14. Nb5 Qb8
15. Bc2 Be6 16. Nd4 Bc4 17. Qd2 Ba6 18. b3 Rc8 19. f4 Nc6 20. f5 Ne5 21. fxg6
hxg6 22. Rac1 b6 23. Bb1 Bb7 24. Bh6 Qc7 25. Bxg7 Kxg7 26. Qg5 Rh8 27. Rf1 Rh5
28. Qg3 Rah8 29. Nf3 Qc5+ 30. Kh2 Bc8 31. Nxe5 Qxe5 32. Qxe5+ Rxe5 33. Rce1 Rh4
34. Re3 g5 35. Rfe1 Be6 36. c4 Bd7 37. Bc2 Kf8 38. Bd1 Ke8 39. Kg3 Kd8 40. Bg4
e6 41. R1e2 f5 42. exf5 Rxe3+ 43. Rxe3 exf5 44. Rd3 fxg4 45. Rxd6 gxh3 46. gxh3
Rxh3+ 0-1

[Event "Madrid ch Veteranos 2122"]
[Site "Madrid ESP"]
[Date "2022.04.05"]
[Round "7.9"]
[White "Vazquez Gonzalez, Jesus"]
[Black "Marcos Herrero, Francisco"]
[Result "1-0"]
[WhiteElo "1853"]
[BlackElo "1897"]
[PlyCount "57"]
[EventDate "2022.03.28"]
[EventType "swiss"]
[EventRounds "9"]
[EventCountry "ESP"]
[SourceTitle "Ajedrez en Madrid"]
[Source "lmi"]
[SourceDate "2022.03.28"]
[SourceVersion "1"]
[SourceVersionDate "2022.04.18"]
[SourceQuality "1"]

1. e4 c5 2. Nf3 Nc6 3. d4 cxd4 4. Nxd4 g6 5. c4 Nf6 6. Nc3 d6 7. Be2 Nxd4 8.
Qxd4 Bg7 9. Be3 O-O 10. O-O Ng4 11. Qd2 Nxe3 12. Qxe3 Qa5 13. Nd5 Re8 14. b4
Qd8 15. Rad1 b6 16. c5 Bb7 17. Bb5 Rc8 18. Bxe8 Qxe8 19. cxb6 e6 20. Nf4 Bh6
21. Qg3 axb6 22. Rxd6 Qb5 23. Rfd1 Qxb4 24. Nh5 Bf8 25. Rd7 Bxe4 26. Nf6+ Kg7
27. Qe5 Qc5 28. Nd5+ Kg8 29. Qf6 1-0

[Event "Madrid ch Veteranos 2122"]
[Site "Madrid ESP"]
[Date "2022.04.05"]
[Round "7.10"]
[White "Alberdi Garcia, Carlos Alfonso"]
[Black "Garcia Martin, Esteban"]
[Result "1-0"]
[WhiteElo "1681"]
[BlackElo "1895"]
[PlyCount "109"]
[EventDate "2022.03.28"]
[EventType "swiss"]
[EventRounds "9"]
[EventCountry "ESP"]
[SourceTitle "Ajedrez en Madrid"]
[Source "lmi"]
[SourceDate "2022.03.28"]
[SourceVersion "1"]
[SourceVersionDate "2022.04.18"]
[SourceQuality "1"]

1. d4 Nf6 2. Nf3 b6 3. e3 Bb7 4. Bd3 e6 5. O-O Be7 6. Nbd2 c5 7. c3 Nc6 8. Qe2
d5 9. Rd1 Qc7 10. dxc5 bxc5 11. e4 O-O 12. e5 Nd7 13. Re1 Rfe8 14. Nf1 f6 15.
Bf4 fxe5 16. Nxe5 Ndxe5 17. Bxe5 Nxe5 18. Qxe5 Qxe5 19. Rxe5 Bf6 20. Re2 g6 21.
f4 e5 22. fxe5 Rxe5 23. Rxe5 Bxe5 24. Re1 Re8 25. Rd1 d4 26. cxd4 Bxd4+ 27. Kh1
Rf8 28. Rd2 Kg7 29. b3 Be4 30. Bc4 h5 31. h3 h4 32. Nh2 Re8 33. Rd1 Rf8 34. Rd2
g5 35. Re2 Rf4 36. Rd2 Kf8 37. Re2 a5 38. Rd2 Ke7 39. Re2 Kd6 40. Rd2 Kc6 41.
Re2 Bd5 42. Bxd5+ Kxd5 43. Nf3 g4 44. hxg4 Rxg4 45. Kh2 c4 46. bxc4+ Kxc4 47.
Kh3 Rg8 48. Re4 Rd8 49. Rxd4+ Rxd4 50. Nxd4 Kxd4 51. Kxh4 Ke5 52. Kg5 Ke6 53.
a4 Kf7 54. Kf5 Kg7 55. Ke5 1-0

[Event "Madrid ch Veteranos 2122"]
[Site "Madrid ESP"]
[Date "2022.04.05"]
[Round "7.11"]
[White "Garcia Galeote, Lorenzo"]
[Black "Sanchez Peral, Pedro"]
[Result "1-0"]
[WhiteElo "1862"]
[BlackElo "1797"]
[PlyCount "91"]
[EventDate "2022.03.28"]
[EventType "swiss"]
[EventRounds "9"]
[EventCountry "ESP"]
[SourceTitle "Ajedrez en Madrid"]
[Source "lmi"]
[SourceDate "2022.03.28"]
[SourceVersion "1"]
[SourceVersionDate "2022.04.18"]
[SourceQuality "1"]

1. d4 Nf6 2. c4 g6 3. Nc3 d5 4. cxd5 Nxd5 5. e4 Nxc3 6. bxc3 Bg7 7. Be3 O-O 8.
Qd2 c5 9. Rc1 Qa5 10. Nf3 Rd8 11. d5 Bg4 12. c4 Qxd2+ 13. Nxd2 b6 14. Bg5 f6
15. Bf4 e5 16. Be3 Na6 17. Be2 Bd7 18. O-O Nc7 19. f4 Bh6 20. Rc3 exf4 21. Bxf4
Bxf4 22. Rxf4 Rf8 23. h4 h6 24. Rg3 Kg7 25. Bg4 Bxg4 26. Rfxg4 g5 27. hxg5 fxg5
28. e5 Rad8 29. Ne4 Rf5 30. e6 Re5 31. Rf3 Rf8 32. Rxf8 Kxf8 33. Nf6 Kg7 34.
Nd7 Re2 35. Kf1 Rxa2 36. Re4 Ne8 37. Re3 Ra4 38. Ne5 Nd6 39. Rf3 Ra1+ 40. Ke2
Ra2+ 41. Kd1 Rxg2 42. Nf7 Nxc4 43. e7 Rg1+ 44. Ke2 g4 45. e8=Q gxf3+ 46. Kf2
1-0

[Event "Madrid ch Veteranos 2122"]
[Site "Madrid ESP"]
[Date "2022.04.05"]
[Round "7.12"]
[White "Marin Aso, Jose Luis"]
[Black "Fiz Criado, Fidel"]
[Result "1/2-1/2"]
[WhiteElo "1834"]
[BlackElo "1861"]
[PlyCount "117"]
[EventDate "2022.03.28"]
[EventType "swiss"]
[EventRounds "9"]
[EventCountry "ESP"]
[SourceTitle "Ajedrez en Madrid"]
[Source "lmi"]
[SourceDate "2022.03.28"]
[SourceVersion "1"]
[SourceVersionDate "2022.04.18"]
[SourceQuality "1"]

1. e4 c5 2. Nf3 Nc6 3. Nc3 e6 4. d4 cxd4 5. Nxd4 Bc5 6. Nb3 Bb6 7. Be2 Nge7 8.
O-O O-O 9. Bg5 f6 10. Bh4 d5 11. exd5 exd5 12. Na4 Bc7 13. Bg3 Ne5 14. Nd4 a6
15. Nc5 Qd6 16. Ncb3 f5 17. f3 f4 18. Bf2 Qg6 19. Re1 Bh3 20. Bf1 Rad8 21. Kh1
Bc8 22. Nc5 N7c6 23. c3 Nxd4 24. Bxd4 Nc4 25. Bxc4 dxc4 26. Qe2 b5 27. Qf2 Rfe8
28. Rxe8+ Rxe8 29. Re1 Rxe1+ 30. Qxe1 Kf7 31. Qe4 Qxe4 32. Nxe4 h6 33. Kg1 Bf5
34. Nf2 h5 35. Kf1 g5 36. h3 Ke6 37. Ke2 a5 38. a3 Bd8 39. Kd2 Kd5 40. Ke2 b4
41. axb4 axb4 42. Bg7 b3 43. Bf8 Ke6 44. Kd2 Bb6 45. Ke2 Be3 46. Ba3 Bc2 47.
Nd1 Bd3+ 48. Ke1 Bc1 49. Nf2 Bc2 50. Kf1 Ke5 51. Ke2 Kd5 52. Kf1 Kc6 53. Ke2
Kd5 54. Kf1 Ke5 55. Ke2 Bf5 56. Kd1 Be3 57. Ke2 Be6 58. Nd1 Bc1 59. Nf2 1/2-1/2

[Event "Madrid ch Veteranos 2122"]
[Site "Madrid ESP"]
[Date "2022.04.05"]
[Round "7.13"]
[White "Vukotic Jovsic, Dragan"]
[Black "Toledo Aguirre, Gonzalo"]
[Result "1/2-1/2"]
[WhiteElo "1834"]
[BlackElo "1879"]
[PlyCount "112"]
[EventDate "2022.03.28"]
[EventType "swiss"]
[EventRounds "9"]
[EventCountry "ESP"]
[SourceTitle "Ajedrez en Madrid"]
[Source "lmi"]
[SourceDate "2022.03.28"]
[SourceVersion "1"]
[SourceVersionDate "2022.04.18"]
[SourceQuality "1"]

1. d4 f5 2. Bf4 Nf6 3. Nf3 e6 4. e3 b6 5. Be2 Bb7 6. h3 Be7 7. O-O O-O 8. c4
Ne4 9. Nc3 Nxc3 10. bxc3 d6 11. a4 a5 12. Qb3 Nd7 13. c5 Bd5 14. Bc4 Bxc4 15.
Qxc4 d5 16. Qb5 bxc5 17. Qc6 Bd6 18. Bxd6 cxd6 19. Qxd6 Re8 20. Rab1 Qc8 21.
Rb5 Ra6 22. Qf4 Qc6 23. Rfb1 Ra7 24. Ne5 Nxe5 25. Qxe5 cxd4 26. cxd4 Kf7 27. g4
fxg4 28. Qh5+ Kg8 29. hxg4 Rf8 30. Qe5 Re7 31. Rxa5 Rxf2 32. Rc5 Qxa4 33. Rc8+
Rf8 34. Rxf8+ Kxf8 35. Rf1+ Kg8 36. Rb1 h6 37. Qf4 Re8 38. Rf1 Qd7 39. Kg2 Qe7
40. Qe5 Rf8 41. Rf4 Rxf4 42. exf4 Qf6 43. Qe3 Kf7 44. Kg3 g5 45. fxg5 hxg5 46.
Qd3 Qf4+ 47. Kh3 Kf6 48. Qd1 Qe3+ 49. Kg2 e5 50. dxe5+ Kxe5 51. Qa1+ d4 52.
Qa5+ Kd6 53. Qb6+ Kd5 54. Qb5+ Ke6 55. Qc6+ Kf7 56. Qd7+ Kf8 1/2-1/2

[Event "Madrid ch Veteranos 2122"]
[Site "Madrid ESP"]
[Date "2022.04.05"]
[Round "7.14"]
[White "Esteban Amo, Jose M."]
[Black "Barahona Torrijos, Angel"]
[Result "1-0"]
[WhiteElo "1874"]
[BlackElo "1822"]
[PlyCount "45"]
[EventDate "2022.03.28"]
[EventType "swiss"]
[EventRounds "9"]
[EventCountry "ESP"]
[SourceTitle "Ajedrez en Madrid"]
[Source "lmi"]
[SourceDate "2022.03.28"]
[SourceVersion "1"]
[SourceVersionDate "2022.04.18"]
[SourceQuality "1"]

1. d4 Nf6 2. Nf3 c5 3. e3 b6 4. Bd3 Nc6 5. O-O Bb7 6. a3 g6 7. c3 Bg7 8. Nbd2
Qc7 9. e4 cxd4 10. cxd4 O-O 11. Re1 Nh5 12. Nb3 Nf4 13. Bf1 f5 14. d5 Na5 15.
Nxa5 bxa5 16. d6 Qc6 17. Bxf4 fxe4 18. Rc1 Qb6 19. Be3 Qxb2 20. dxe7 Rf5 21.
Rb1 Qxa3 22. Rxb7 exf3 23. Qxd7 1-0